Oxford English for computing

Αποθηκεύτηκε σε:
Λεπτομέρειες βιβλιογραφικής εγγραφής
Κύριος συγγραφέας: Boeckner, Keith
Άλλοι συγγραφείς: Brown, P. Charles
Μορφή: Βιβλίο
Γλώσσα:English
Δημοσίευση: Oxford : Oxford University Press, c1993.
Θέματα:
Ετικέτες: Προσθήκη ετικέτας
Δεν υπάρχουν, Καταχωρήστε ετικέτα πρώτοι!

MARC

LEADER 00000cam a2200000 i 4500
001 1/26964
008 940415s1993 enk| ||| |||| ||eng||
020 |a 0194573877 
035 |a 1994  |c Δωρεά Γραμματείας  |l 10037713 
040 |a GR-MyUa  |b gre  |e AACR2 
041 0 |a eng 
082 7 |a 428.24   |2 (22)  
082 7 |a 428.24024004   |2 (22)  
100 1 |a Boeckner, Keith. 
245 1 0 |a Oxford English for computing /   |c Keith Boeckner, P. Charles Brown.  
260 |a Oxford :   |b Oxford University Press,   |c c1993. 
300 |a 212 σ. :   |b εικ. ;   |c 27 εκ. 
650 0 |a English language  |v Textbooks for foreign speakers. 
650 0 |a English language  |x Technical English. 
650 0 |a Computers  |x Terminology. 
700 1 |a Brown, P. Charles. 
852 |a INST  |b SAMOS  |e 19941103  |h 428.24 BOE  |p 005300000065  |q 005300000065  |t BK  |y 0 
852 |a INST  |b SAMOS  |e 19941103  |h 428.24 BOE  |p 005300000066  |q 005300000066  |t BK  |y 0 
852 |a INST  |b SAMOS  |e 19940415  |h 428.24 BOE  |p 005300000067  |q 005300000067  |t BK  |y 0 
852 |a INST  |b SAMOS  |e 19941103  |h 428.24 BOE  |p 005300000068  |q 005300000068  |t BK  |y 0 
852 |a INST  |b SAMOS  |e 19941103  |h 428.24 BOE  |p 005300011858  |q 005300011858  |t BK  |y 0 
852 |a INST  |b SYROS  |e 20011011  |h 428.24024004 BOE  |p 005500000933  |q 005500000933  |t BK  |y 0 
901 |a BIBL5-2001-3 
970 |a Κρητικού  |b Θωμαΐς  |z 11/10/2001